[Event "III Dolnoslaska Liga Szachowa 2017/2018"]
[Site "Dolny Slask"]
[Date "1899-12-30"]
[Round "8.12"]
[White "Bes, Michal"]
[Black "Rychlik, Hanna"]
[Result "1-0"]
[WhiteTitle "I"]
[BlackTitle "k"]
[WhiteElo "2090"]
[BlackElo "2062"]

1. d4 Nf6 2. Nf3 e6 3. c4 b6 4. g3 Ba6 5. Qa4 Bb7 6. Bg2 Be7 7. Nc3 O-O 8. O-O
c5 9. Rd1 cxd4 10. Nxd4 Bxg2 11. Kxg2 Qc8 12. e4 Qb7 13. f3 a6 14. Be3 d6 15.
Qc2 Nbd7 16. Rac1 Rac8 17. Qe2 Ne5 18. b3 Nc6 19. Qd3 Nd7 20. Nxc6 Rxc6 21. Bd4
Ne5 22. Qe2 Bf6 23. a4 Nd7 24. Bxf6 Nxf6 25. Qe3 Rfc8 26. Ne2 Qc7 27. Ra1 Rc5
28. Rd2 h6 29. Rad1 Ne8 30. Nf4 b5 31. Nd3 Rh5 32. g4 Rh4 33. cxb5 d5 34. Qf4
dxe4 35. Qxc7 Rxc7 36. b6 exd3 37. bxc7 Nxc7 38. Rxd3 e5 39. Rd8+ Kh7 40. Kg3
g5 41. R8d7 Ne6 42. Rxf7+ Kg6 43. Ra7 Nd4 44. Rxa6+ Kf7 45. Rxd4 1-0

[Event "III Dolnoslaska Liga Szachowa 2017/2018"]
[Site "Dolny Slask"]
[Date "1899-12-30"]
[Round "8.13"]
[White "Kowalczuk, Wojciech"]
[Black "Bienias, Piotr"]
[Result "0-1"]
[WhiteTitle "k"]
[BlackTitle "I++"]
[WhiteElo "2043"]
[BlackElo "1920"]

1. e4 c5 2. Nf3 Nc6 3. b3 e5 4. Bb2 d6 5. Be2 f5 6. Nc3 Nf6 7. d3 Be7 8. h3 Qa5
9. Qd2 Bd7 10. a3 Rc8 11. O-O Nd4 12. Bd1 O-O 13. Nxd4 cxd4 14. Nb1 Qb6 15. exf5
Nd5 16. a4 Nf4 17. Na3 d5 18. Qe1 Rxf5 19. Bc1 Bb4 20. Bd2 Qg6 21. Bg4 Rg5 22.
Bxb4 Rxg4 23. hxg4 Qxg4 0-1

[Event "III Dolnoslaska Liga Szachowa 2017/2018"]
[Site "Dolny Slask"]
[Date "1899-12-30"]
[Round "8.14"]
[White "Bocko, Stanislaw"]
[Black "Szmyd, Marek"]
[Result "1/2-1/2"]
[WhiteTitle "I"]
[BlackTitle "k"]
[WhiteElo "1953"]
[BlackElo "1940"]

1. e4 c5 2. Nf3 d6 3. d4 cxd4 4. Nxd4 Nf6 5. Bd3 g6 6. Nc3 Bg7 7. h3 O-O 8. Be3
Nc6 9. Qd2 d5 10. Nxc6 bxc6 11. Bd4 dxe4 12. Bxf6 Bxf6 13. Bxe4 Qb6 14. Rb1 Rd8
15. Bd3 c5 16. Qc1 Ba6 17. O-O Bxd3 18. cxd3 Qa6 19. Ne4 Bd4 20. Nxc5 Qxa2 21.
Ne4 Rac8 22. Qg5 f6 23. Qb5 Rb8 24. Qc6 Qd5 25. Qc2 Rdc8 26. Nc3 Qc5 27. Qe2 Qe5
28. Qf3 Bxc3 29. bxc3 Rxc3 30. Rxb8+ Qxb8 31. Qd5+ Kf8 32. Ra1 Qc7 33. g3 Rc1+
34. Rxc1 Qxc1+ 35. Kg2 Qc7 36. Qa8+ Kg7 37. d4 e6 38. h4 h5 39. d5 exd5 40. Qxd5
a5 41. Qb5 Qa7 42. Qa4 Qb7+ 43. Kg1 Qd5 44. Qe8 Qe5 45. Qd7+ Kh6 46. Qd8 g5 47.
Qh8+ Kg6 48. hxg5 Qxg5 49. Qg8+ Kf5 50. Qd5+ Kg6 51. Qg8+ 1/2-1/2

[Event "III Dolnoslaska Liga Szachowa 2017/2018"]
[Site "Dolny Slask"]
[Date "1899-12-30"]
[Round "8.15"]
[White "Czaplewska, Klara"]
[Black "Lascar, Radoslawa"]
[Result "1-0"]
[WhiteTitle "k+"]
[BlackTitle "I+"]
[WhiteElo "1897"]
[BlackElo "1754"]

1. e4 c5 2. Nf3 Nc6 3. d4 cxd4 4. Nxd4 Nf6 5. Nc3 e5 6. Ndb5 d6 7. Bg5 a6 8. Na3
b5 9. Nd5 Be7 10. Bxf6 Bxf6 11. c4 b4 12. Nc2 a5 13. g3 O-O 14. h4 Bb7 15. Qd3
Nd4 16. Nxd4 exd4 17. Nxf6+ Qxf6 18. Bg2 Rfe8 19. O-O Qg6 20. Rfe1 d5 21. cxd5
Bxd5 22. Qxd4 Bc6 23. Rac1 Re6 24. Kh2 Rae8 25. Rc5 Rd6 26. Qc4 h6 27. Re2 Red8
28. Qc2 Ba8 29. Rxa5 Rd4 30. Rc5 Qe6 31. b3 Bb7 32. Rc4 Ba6 33. Rxd4 Rxd4 34.
Rd2 Qd7 35. Rxd4 Qxd4 36. Qc6 Qf6 37. Qa8+ Kh7 38. e5 Qb6 39. Qc6 Qxc6 40. Bxc6
Bd3 41. f3 Kg6 42. Be4+ Bxe4 43. fxe4 f5 44. exf6 gxf6 45. g4 1-0

[Event "III Dolnoslaska Liga Szachowa 2017/2018"]
[Site "Dolny Slask"]
[Date "1899-12-30"]
[Round "8.16"]
[White "Laszewicz, Pawel"]
[Black "Dzikowski, Michal"]
[Result "1-0"]
[WhiteTitle "k"]
[BlackTitle "k"]
[WhiteElo "2077"]
[BlackElo "2147"]

1. e4 c6 2. c4 d5 3. exd5 cxd5 4. cxd5 Nf6 5. Qa4+ Nbd7 6. Nc3 g6 7. Nf3 Bg7 8.
Bc4 O-O 9. d3 a6 10. Qa3 b6 11. O-O Bb7 12. Re1 Re8 13. Bf4 b5 14. Bb3 Rc8 15.
d6 e6 16. d4 Qb6 17. Qb4 Bc6 18. d5 a5 19. Qd4 Nxd5 20. Nxd5 Bxd4 21. Nxb6 Bxb6
22. Ne5 a4 23. Nxc6 Rxc6 24. Bd5 Rc2 25. Bg3 Ba5 26. Be4 Rc4 27. Re2 Rec8 28.
h4 f5 29. Bd3 Rc1+ 30. Rxc1 Rxc1+ 31. Kh2 Nf6 32. f3 Kf7 33. Bxb5 a3 34. bxa3
Bb6 35. Re1 Rc2 36. Ba4 Rxa2 37. Bb3 Rxa3 38. Bxe6+ Kf8 39. Rb1 Bd8 40. Rb7 Rd3
41. Be5 Rd2 42. Bxf6 Bxf6 43. Rf7+ Ke8 44. Rxf6 1-0

[Event "III Dolnoslaska Liga Szachowa 2017/2018"]
[Site "Dolny Slask"]
[Date "1899-12-30"]
[Round "8.17"]
[White "Zareba, Radoslaw"]
[Black "Siembab, Bartosz"]
[Result "1-0"]
[WhiteTitle "I+"]
[BlackTitle "k++"]
[WhiteElo "2116"]
[BlackElo "2252"]

1. e4 c5 2. Nf3 d6 3. d4 cxd4 4. Nxd4 Nf6 5. Nc3 a6 6. f3 e5 7. Nb3 Be6 8. Be3
Be7 9. Qd2 O-O 10. O-O-O Nbd7 11. g4 b5 12. g5 b4 13. Ne2 Ne8 14. Ng3 a5 15. Kb1
a4 16. Nc1 b3 17. cxb3 axb3 18. axb3 Nc7 19. Bc4 Qc8 20. Nf5 Bxf5 21. exf5 d5
22. Bxd5 Nxd5 23. Qxd5 Qa6 24. Rd3 Rfc8 25. Rc3 Rxc3 26. bxc3 Qa1+ 27. Kc2 Nf8
28. Qxe5 Ba3 29. Bd4 Qb2+ 30. Kd3 Qb1+ 31. Kc4 Rc8+ 32. Kb5 Ne6 33. fxe6 Qg6 34.
Re1 f6 35. Qd5 Rb8+ 36. Bb6 Be7 37. gxf6 Qxf6 38. c4 Qc3 39. c5 Qxe1 40. Nd3 Qd1
41. Kc6 Qe2 42. Kd7 Kf8 43. Qf5+ Bf6 44. Qxh7 Rb7+ 45. Bc7 Rxc7+ 46. Kxc7 Qxe6
47. Qe4 Qxb3 48. c6 Be7 49. Ne5 Bb4 50. Qc4 Ba5+ 51. Kc8 1-0

[Event "III Dolnoslaska Liga Szachowa 2017/2018"]
[Site "Dolny Slask"]
[Date "1899-12-30"]
[Round "8.18"]
[White "Majocha, Piotr"]
[Black "Kaczmarek, Maciej"]
[Result "1-0"]
[WhiteTitle "I"]
[BlackTitle "I"]
[WhiteElo "1902"]
[BlackElo "1967"]

1. c4 Nf6 2. Nc3 c5 3. g3 Nc6 4. Bg2 g6 5. Nf3 Bg7 6. O-O O-O 7. d3 d6 8. a3 a6
9. Rb1 Rb8 10. b4 cxb4 11. axb4 b5 12. cxb5 axb5 13. h3 e5 14. Bg5 h6 15. Bxf6
Bxf6 16. Qc1 Bg7 17. Nxb5 Rxb5 18. Qxc6 Rb6 19. Qc2 Be6 20. Nd2 Qb8 21. Qa4 Rc8
22. h4 d5 23. Qa2 d4 24. Qa4 Bf8 25. b5 Rc5 26. Bc6 Bd5 27. Rfc1 Bxc6 28. bxc6
Rxb1 29. Rxb1 Qc7 30. Nc4 f6 31. Rb6 f5 32. Qa6 e4 33. Qb7 Qe7 34. Qxe7 Bxe7 35.
Rb7 Kf7 36. c7 exd3 37. exd3 Ke6 38. Nb6 1-0

[Event "III Dolnoslaska Liga Szachowa 2017/2018"]
[Site "Dolny Slask"]
[Date "1899-12-30"]
[Round "8.19"]
[White "Pietraszko, Jakub"]
[Black "Szydelko, Marcin"]
[Result "1-0"]
[WhiteTitle "I"]
[BlackTitle "I++"]
[WhiteElo "1739"]
[BlackElo "1943"]

1. d4 Nf6 2. Nc3 e6 3. e4 Bb4 4. e5 Nd5 5. Qg4 g6 6. Bd3 Be7 7. Nf3 Nxc3 8. bxc3
c5 9. h4 h5 10. Qg3 Qc7 11. c4 cxd4 12. Nxd4 Nc6 13. Nb5 Qb8 14. Nd6+ Bxd6 15.
exd6 b6 16. Bb2 Rg8 17. Be2 Ba6 18. Rd1 Qb7 19. Qg5 Rc8 20. Bf3 Rd8 21. Bxc6 dxc6
22. Bf6 Rd7 23. Qh6 Bxc4 24. Qh7 Rf8 25. Bg7 Qa6 26. Rh3 Qa5+ 27. c3 f6 28. Qxg6+
Rff7 29. Bxf6 Qa3 30. Be7 Rxe7 31. dxe7 Bd5 32. Qxh5 Kxe7 33. Qg5+ Ke8 34. h5
Qxa2 35. Rf3 Rxf3 36. gxf3 Qc4 37. Qg8+ Ke7 38. Qg7+ Kd6 39. h6 e5 40. Qf6+ Kc5
41. Qxe5 Qh4 42. Rxd5+ cxd5 43. Qd4+ 1-0

[Event "III Dolnoslaska Liga Szachowa 2017/2018"]
[Site "Dolny Slask"]
[Date "1899-12-30"]
[Round "8.20"]
[White "Wasala, Wiktoria"]
[Black "Kurtyka, Barbara"]
[Result "0-1"]
[WhiteTitle "I"]
[BlackTitle "I"]
[WhiteElo "1512"]
[BlackElo "1876"]

1. e4 c5 2. Nc3 Nc6 3. f4 d6 4. Nf3 g6 5. d3 Bg7 6. Be3 Nf6 7. h3 a6 8. d4 cxd4
9. Nxd4 Qa5 10. Bd3 Qb4 11. Nb3 Nxe4 12. Bxe4 Bxc3+ 13. bxc3 Qxe4 14. Kf2 Bf5
15. Rc1 O-O 16. Re1 Qc4 17. Qd2 f6 18. g4 Bd7 19. Rg1 Rad8 20. h4 e5 21. Bb6 Rde8
22. f5 gxf5 23. gxf5+ Kh8 24. Qh6 Qf4+ 25. Qxf4 exf4 26. Bc7 d5 27. Bxf4 Bxf5
28. Nc5 b6 29. Nd3 Rg8 30. Bh6 Bxd3 31. cxd3 Ne5 32. Rxg8+ Rxg8 33. Kf1 Rg4 34.
Be3 Rxh4 35. Bxb6 Rh1+ 36. Bg1 Nxd3 37. Rd1 Nf4 38. Kf2 Nh3+ 39. Kg2 Rxg1+ 40.
Rxg1 Nxg1 41. Kxg1 h5 0-1

[Event "III Dolnoslaska Liga Szachowa 2017/2018"]
[Site "Dolny Slask"]
[Date "1899-12-30"]
[Round "8.21"]
[White "Komendecki, Jacek"]
[Black "Pyka, Roman"]
[Result "1/2-1/2"]
[WhiteTitle "I++"]
[BlackTitle "I++"]
[WhiteElo "2111"]
[BlackElo "1957"]

1. d4 e6 2. Nf3 d5 3. c4 Nf6 4. Nc3 Nbd7 5. e3 c6 6. a3 Be7 7. Bd3 dxc4 8. Bxc4
b5 9. Bd3 a6 10. O-O c5 11. dxc5 Nxc5 12. Bc2 Qxd1 13. Rxd1 Bb7 14. b4 Nce4 15.
Nxe4 Bxe4 16. Bxe4 Nxe4 17. Bb2 Bf6 18. Bxf6 Nxf6 19. Rac1 O-O 20. Ne5 h6 21.
Nc6 Kh7 22. Kf1 Nd5 23. e4 Nb6 24. Ne5 f6 25. Rc6 Na4 26. Nd7 Rfe8 27. Rdd6 a5
28. bxa5 Rxa5 29. Rxe6 Rxe6 30. Nf8+ Kg8 31. Nxe6 Nb2 32. Rc7 g5 33. Nd4 Nc4 34.
Nxb5 Nd2+ 35. Ke2 Nxe4 36. f3 Rxb5 37. fxe4 Rb2+ 38. Kf3 Rb3+ 39. Kg4 Rxa3 40.
Kf5 Ra2 41. Kxf6 Rxg2 42. Kg6 Kf8 43. Kxh6 Rxh2+ 44. Kxg5 Ke8 45. Kf5 Rh6 46.
Ke5 Ra6 47. Rb7 Rh6 48. Kd5 Rg6 49. e5 Rh6 50. Ra7 Rg6 51. Ra8+ Ke7 52. Rh8 Ra6
53. Rh7+ Ke8 54. Ke4 Rb6 55. Kf5 Ra6 56. Rh8+ Ke7 57. Rb8 Rc6 58. Rb5 Rh6 59.
Ke4 Rh1 60. Rb7+ 1/2-1/2

[Event "III Dolnoslaska Liga Szachowa 2017/2018"]
[Site "Dolny Slask"]
[Date "1899-12-30"]
[Round "8.22"]
[White "Gromczak, Dariusz"]
[Black "Karykowska, Anna"]
[Result "0-1"]
[WhiteTitle "I+"]
[BlackTitle "I++"]
[WhiteElo "1943"]
[BlackElo "1927"]

1. e4 c5 2. Nc3 a6 3. g3 b5 4. Bg2 Bb7 5. Nge2 e6 6. O-O b4 7. Na4 Nf6 8. e5 Bxg2
9. Kxg2 Nd5 10. c4 Nb6 11. d4 Nxa4 12. Qxa4 Nc6 13. Be3 cxd4 14. Bxd4 Be7 15.
Rfd1 O-O 16. Qc2 Qc7 17. Qe4 Nxd4 18. Rxd4 d6 19. Rad1 Rad8 20. exd6 Bxd6 21.
Nf4 e5 22. Nd5 Qc5 23. R4d2 f5 24. Qh4 f4 25. b3 Rde8 26. Qg4 Bb8 27. Qd7 h6 28.
Qb7 fxg3 29. hxg3 a5 30. Qb5 Ba7 31. Qxc5 Bxc5 32. Nc7 Re7 33. Nd5 Ref7 34. Ne3
Rf3 35. Re2 Bd4 36. Rdd2 Kh7 37. Ng4 R3f5 38. Ne3 R5f7 39. Nc2 Ba7 40. a3 bxa3
41. Nxa3 Rf3 42. Rxe5 Bxf2 43. Red5 Rxg3+ 44. Kh2 Rxb3 45. R5d3 Rxd3 46. Rxd3
Bc5 47. Nb5 a4 48. Kg3 Ra8 49. Na3 Rc8 50. Nc2 Be7 0-1

[Event "III Dolnoslaska Liga Szachowa 2017/2018"]
[Site "Dolny Slask"]
[Date "1899-12-30"]
[Round "8.23"]
[White "Krawiec, Grzegorz"]
[Black "Dudek, Wojciech"]
[Result "1/2-1/2"]
[WhiteTitle "I"]
[BlackTitle "I"]
[WhiteElo "1714"]
[BlackElo "1810"]

1. e4 c6 2. d4 d5 3. Nc3 dxe4 4. Nxe4 Bf5 5. Ng3 Bg6 6. Nf3 Nd7 7. Nh4 e6 8. Nxg6
hxg6 9. Bf4 Ngf6 10. c4 Bb4+ 11. Bd2 Qa5 12. a3 Bxd2+ 13. Qxd2 Qxd2+ 14. Kxd2
Rh4 15. Kc3 Ne4+ 16. Nxe4 Rxe4 17. Bd3 Rf4 18. f3 O-O-O 19. Rad1 Kc7 20. b3 g5
21. Be2 Rh4 22. h3 Nf6 23. g4 Rdh8 24. Bf1 Nd7 25. Bg2 Nf8 26. Rh2 Ng6 27. Rdh1
R4h6 28. Bf1 Nf4 29. Kd2 e5 30. dxe5 Rd8+ 31. Kc2 Re6 32. h4 Rxe5 33. hxg5 Rxg5
34. Rd2 Rxd2+ 35. Kxd2 Ne6 36. b4 b6 37. Bd3 Re5 38. Be4 Ng5 39. Ke3 Re7 40. Rd1
g6 41. Kf4 Ne6+ 42. Ke5 1/2-1/2

[Event "III Dolnoslaska Liga Szachowa 2017/2018"]
[Site "Dolny Slask"]
[Date "1899-12-30"]
[Round "8.24"]
[White "Szablewski, Krzysztof"]
[Black "Lewandowski, Wiktor"]
[Result "1/2-1/2"]
[WhiteTitle "II"]
[BlackTitle "II"]
[WhiteElo "1902"]
[BlackElo "1490"]

1. f4 d5 2. Nf3 Nf6 3. d4 g6 4. c3 Bg7 5. e3 O-O 6. Bd3 e6 7. O-O Nbd7 8. Ne5 c5
9. Nd2 Qc7 10. Qe2 b6 11. Rf2 Bb7 12. Qf3 c4 13. Bc2 b5 14. g4 a5 15. g5 Ne8 16.
h4 Nd6 17. h5 Nf5 18. Qh3 Nxe5 19. fxe5 b4 20. e4 dxe4 21. Nxe4 Bxe4 22. Bxe4
Rab8 23. Bf4 bxc3 24. bxc3 Rb6 25. Raf1 a4 26. Bc1 Qe7 27. Rh2 Rfb8 28. hxg6 hxg6
29. Qh7+ Kf8 30. Qh3 Ke8 31. Qf3 Kd7 32. Re1 Rh8 33. Rxh8 Bxh8 34. Bc2 a3 35.
Qa8 Qd8 36. Ba4+ Kc7 37. Qa7+ Rb7 38. Qc5+ Kb8 39. Bc6 Rb6 40. Bf3 Bg7 41. Qxa3
Bf8 42. Qa8+ Kc7 43. Qa7+ Kc8 44. Kf2 Be7 45. Qa4 Bxg5 46. Qa8+ Kd7 47. Qa7+ Ke8
48. Bxg5 Rb2+ 49. Re2 Rxe2+ 50. Bxe2 Qxg5 51. Qa8+ Ke7 52. Qf3 Qh4+ 53. Kg2 1/2-1/2

[Event "III Dolnoslaska Liga Szachowa 2017/2018"]
[Site "Dolny Slask"]
[Date "1899-12-30"]
[Round "8.26"]
[White "Balinski, Damian"]
[Black "Koszkul, Wojciech"]
[Result "1/2-1/2"]
[WhiteTitle "k"]
[BlackTitle "I++"]
[WhiteElo "2164"]
[BlackElo "2035"]

1. d4 d5 2. c4 e6 3. Nc3 Nf6 4. Bg5 Be7 5. Nf3 O-O 6. e3 Nbd7 7. Rc1 a6 8. Qc2
dxc4 9. Bxc4 c5 10. a4 h6 11. Bh4 cxd4 12. Nxd4 Nb6 13. Ba2 Bd7 14. O-O Rc8 15.
Qd1 Nxa4 16. Nxa4 Rxc1 17. Qxc1 Bxa4 18. Qc4 Bd7 19. Rc1 Qb6 20. Qe2 Rc8 21. Rxc8+
Bxc8 22. f4 Nd5 23. Bxe7 Nxe7 24. g4 Nc6 25. Nf3 Nb4 26. Bc4 Qc5 27. g5 b5 28.
Bb3 hxg5 29. Nxg5 Qc1+ 30. Kg2 Bb7+ 31. Kh3 Qh1 32. e4 Qg1 33. Kh4 Qd4 34. f5
Bd5 35. fxe6 Bxe6 36. Nxe6 fxe6 37. Bxe6+ Kf8 38. Qf3+ Qf6+ 39. Qxf6+ gxf6 40.
Kg4 Nd3 41. b3 a5 42. h4 a4 43. bxa4 bxa4 44. Kf5 1/2-1/2

[Event "III Dolnoslaska Liga Szachowa 2017/2018"]
[Site "Dolny Slask"]
[Date "1899-12-30"]
[Round "8.27"]
[White "Kmiecik, Wojciech"]
[Black "Kossobudzki, Robert"]
[Result "0-1"]
[WhiteTitle "I+"]
[BlackTitle "I"]
[WhiteElo "1957"]
[BlackElo "2103"]

1. e4 c5 2. a3 g6 3. b4 Bg7 4. c3 b6 5. Bc4 Nc6 6. Qb3 e6 7. Nf3 Nge7 8. O-O O-O
9. d3 a6 10. Qa2 d5 11. Bb3 a5 12. bxc5 bxc5 13. Bf4 a4 14. Bd1 Ba6 15. Be2 Na5
16. Qc2 Nb3 17. Ra2 Nc6 18. Nbd2 Nca5 19. Re1 h6 20. Ne5 Nxd2 21. Qxd2 dxe4 22.
dxe4 Bxe2 23. Qxe2 Nb3 24. Ng4 h5 25. Ne5 Qa5 26. Rc2 Qa6 27. Qxa6 Rxa6 28. Rd1
g5 29. Nd7 gxf4 30. Nxf8 Bxf8 31. g3 Rd6 32. Rxd6 Bxd6 33. Kg2 c4 34. Kf3 fxg3
35. fxg3 Nc5 36. Rb2 Nd3 37. Re2 Kg7 38. e5 Bxe5 39. Re4 Bxc3 40. Ke2 Ne5 41.
Kd1 f5 42. Re2 Kf6 43. Kc2 Bd4 44. Rd2 Nd3 45. Rd1 e5 46. Rb1 Bb2 0-1

[Event "III Dolnoslaska Liga Szachowa 2017/2018"]
[Site "Dolny Slask"]
[Date "1899-12-30"]
[Round "8.28"]
[White "Krosny, Miroslaw"]
[Black "Lipien, Wieslaw"]
[Result "1/2-1/2"]
[WhiteTitle "I"]
[BlackTitle "I++"]
[WhiteElo "1983"]
[BlackElo "2036"]

1. e4 c5 2. Nf3 d6 3. d4 cxd4 4. Qxd4 Nc6 5. Bb5 Bd7 6. Bxc6 Bxc6 7. Nc3 Nf6 8.
Bg5 e6 9. O-O-O Be7 10. Rhe1 O-O 11. Qd2 Qc7 12. Nd4 Rfd8 13. f4 b5 14. Qe2 b4
15. Nxc6 Qxc6 16. Qb5 Qc7 17. Qxb4 d5 18. Qa4 h6 19. Bxf6 Qxf4+ 20. Kb1 Bxf6 21.
exd5 Qxa4 22. Nxa4 exd5 23. Nc5 Rac8 24. Nb3 Rc4 25. Rd3 Re4 26. Red1 Re2 27.
R3d2 Rxd2 28. Rxd2 d4 29. a3 Kf8 30. Nc5 g5 31. b4 Ke7 32. Re2+ Kf8 33. Rf2 Kg7
34. Re2 Kg6 35. Kc1 Rc8 36. Kd2 h5 37. Kd3 g4 38. Kc4 h4 39. h3 g3 40. b5 Rc7
41. a4 Be7 42. Re5 f5 1/2-1/2

[Event "III Dolnoslaska Liga Szachowa 2017/2018"]
[Site "Dolny Slask"]
[Date "1899-12-30"]
[Round "8.29"]
[White "Wilk, Aleksander"]
[Black "Paprocki, Artur"]
[Result "1/2-1/2"]
[WhiteTitle "III"]
[BlackTitle "I"]
[WhiteElo "1279"]
[BlackElo "1871"]

1. e4 c5 2. Nf3 Nc6 3. c3 d5 4. exd5 Qxd5 5. d4 Bf5 6. Be3 Nf6 7. h3 O-O-O 8. Be2
e5 9. c4 Qd6 10. d5 Nd4 11. Bxd4 exd4 12. O-O Qf4 13. Bd3 Bd6 14. Bxf5+ Qxf5 15.
b4 Ne4 16. Qd3 Qf4 17. bxc5 Bxc5 18. Nbd2 Nxd2 19. Qxd2 Qxd2 20. Nxd2 Rhe8 21.
Nb3 Bb4 22. a3 Bc3 23. Rad1 Re4 24. Rd3 Rde8 25. Rfd1 b6 26. Kh2 Re2 27. Nxd4
Bxd4 28. Rxd4 Rxf2 29. R1d2 Rxd2 30. Rxd2 Re4 31. Rc2 Kd7 32. Rc3 Kd6 33. Kg3
g6 34. Kf3 Re1 35. Kf2 Re4 36. Kf3 Re1 1/2-1/2

[Event "III Dolnoslaska Liga Szachowa 2017/2018"]
[Site "Dolny Slask"]
[Date "1899-12-30"]
[Round "9.1"]
[White "Kmiecik, Wojciech"]
[Black "Janocha, Wieslaw"]
[Result "1/2-1/2"]
[WhiteTitle "I+"]
[BlackTitle "FM"]
[WhiteElo "1957"]
[BlackElo "2260"]

1. e4 e5 2. Nf3 Nc6 3. d4 exd4 4. Nxd4 Nf6 5. Nc3 Bb4 6. Nxc6 bxc6 7. Bd3 d5 8.
exd5 cxd5 9. O-O O-O 10. Bg5 c6 11. Qf3 Bd6 12. h3 Rb8 13. Rab1 Be5 14. Rfe1 Qd6
15. Rxe5 Qxe5 16. Bf4 Qxc3 17. Bxb8 Qa5 18. Be5 Ne4 19. b4 Qb6 20. Bxe4 dxe4 21.
Qc3 f6 22. Qc4+ Kh8 23. Bd6 Re8 24. Re1 f5 25. Qf7 Qd8 26. Bc5 Qd7 27. Qxd7 Bxd7
28. Rd1 Be6 29. a4 f4 30. Bxa7 Kg8 31. a5 Bc4 32. Re1 Kf7 33. Bc5 g5 34. h4 h6
35. hxg5 hxg5 36. Ra1 Ba6 37. Rc1 Kf6 38. c4 Rd8 39. Kf1 Rd2 40. Ke1 Rd7 41. Ke2
Kf5 42. Rc3 Rh7 43. g3 Rh2 44. gxf4 gxf4 45. Ke1 Rh1+ 46. Ke2 Ra1 47. Rc2 Rb1
48. Kd2 1/2-1/2

[Event "III Dolnoslaska Liga Szachowa 2017/2018"]
[Site "Dolny Slask"]
[Date "1899-12-30"]
[Round "9.2"]
[White "Sernecki, Franciszek"]
[Black "Lipien, Wieslaw"]
[Result "1/2-1/2"]
[WhiteTitle "I+"]
[BlackTitle "I++"]
[WhiteElo "2109"]
[BlackElo "2036"]

1. e4 c5 2. Nf3 d6 3. c3 g6 4. d4 cxd4 5. cxd4 Bg7 6. Nc3 Bg4 7. Bc4 e6 8. O-O
Bxf3 9. Qxf3 Ne7 10. Bb5+ Nd7 11. Be3 O-O 12. Rfd1 a6 13. Bf1 Rc8 14. a4 Nb6 15.
Rdc1 Nc4 16. Bxc4 Rxc4 17. b3 Rc8 18. Qd1 Qd7 19. Ne2 Rxc1 20. Rxc1 Rc8 21. Rxc8+
Qxc8 22. h4 d5 23. e5 Nf5 24. g3 h5 25. Qd2 Nxe3 26. fxe3 Bf8 27. Qc1 Qxc1+ 28.
Nxc1 Be7 29. Nd3 Kf8 30. Kf2 Ke8 31. Ke2 Kd7 32. Kd2 Kc6 33. Kc2 1/2-1/2

[Event "III Dolnoslaska Liga Szachowa 2017/2018"]
[Site "Dolny Slask"]
[Date "1899-12-30"]
[Round "9.3"]
[White "Guziewicz, Wojciech"]
[Black "Korpalski, Maciej"]
[Result "1-0"]
[WhiteTitle "I"]
[BlackTitle "I+"]
[WhiteElo "1792"]
[BlackElo "2037"]

1. e4 c5 2. Bc4 Nc6 3. Nf3 g6 4. c3 d6 5. O-O Bg7 6. d4 Nf6 7. d5 Ne5 8. Nxe5 dxe5
9. Bb5+ Bd7 10. Qd3 O-O 11. Bxd7 Qxd7 12. c4 e6 13. Nc3 Rfd8 14. Bg5 Rdc8 15.
Bxf6 Bxf6 16. Rad1 Rd8 17. b3 a6 18. a4 Rac8 19. g3 exd5 20. Nxd5 Qe6 21. Qf3
Bg7 22. Rd3 Rd6 23. Rfd1 Bf8 24. Qe3 Kg7 25. f4 exf4 26. gxf4 Qg4+ 27. Kh1 Re6
28. Rg1 Qh4 29. Qf3 Kh8 30. Qg2 Bg7 31. Rh3 Qd8 32. e5 Rcc6 33. Qg4 Kg8 34. Rd1
Qe8 35. Qh4 h5 36. Nc7 g5 37. Qxg5 f6 38. Qxg7+ Kxg7 39. Nxe8+ Rxe8 40. Rxh5 Kg6
41. Rh3 fxe5 42. Rg1+ Kf5 43. fxe5 Rce6 44. Rh5+ Kf4 45. Rf1+ Ke4 46. h4 Rb6 47.
Re1+ Kf4 48. e6 Kg4 49. Rh7 Rxb3 50. Rg7+ Kxh4 51. e7 Rf3 52. Kg2 Rf4 53. Rh1#
1-0

[Event "III Dolnoslaska Liga Szachowa 2017/2018"]
[Site "Dolny Slask"]
[Date "1899-12-30"]
[Round "9.6"]
[White "Grzesik, Norbert"]
[Black "Pyka, Roman"]
[Result "1/2-1/2"]
[WhiteTitle "I+"]
[BlackTitle "I++"]
[WhiteElo "1989"]
[BlackElo "1957"]

1. e4 d5 2. exd5 Nf6 3. Bb5+ Bd7 4. Be2 Nxd5 5. d4 g6 6. c4 Nf6 7. Nc3 Bg7 8. Be3
O-O 9. h3 c6 10. Nf3 a6 11. O-O b5 12. Ne5 Be6 13. b3 Nfd7 14. Nf3 Nb6 15. Ng5
Bf5 16. Rc1 h6 17. Nf3 g5 18. Ne5 b4 19. c5 Nd5 20. Nxd5 Qxd5 21. Bc4 Qd8 22.
Qf3 Qc8 23. Bxf7+ Rxf7 24. Nxf7 Be6 25. Ne5 Bxe5 26. dxe5 Bd5 27. Qg3 Qe6 28.
f4 Nd7 29. Qg4 Qxg4 30. hxg4 gxf4 31. Bxf4 1/2-1/2

[Event "III Dolnoslaska Liga Szachowa 2017/2018"]
[Site "Dolny Slask"]
[Date "1899-12-30"]
[Round "9.7"]
[White "Gromczak, Dariusz"]
[Black "Paprocki, Artur"]
[Result "1/2-1/2"]
[WhiteTitle "I+"]
[BlackTitle "I"]
[WhiteElo "1943"]
[BlackElo "1871"]

1. e4 c5 2. Nc3 Nc6 3. f4 g6 4. Nf3 Bg7 5. Bc4 e6 6. O-O Nge7 7. d3 O-O 8. Qe1
d5 9. Bb3 Nd4 10. Nxd4 cxd4 11. Ne2 dxe4 12. dxe4 Bd7 13. Qf2 Bb5 14. Rd1 Bxe2
15. Qxe2 Nc6 16. e5 Qb6 17. Qf2 Rfd8 18. Bd2 Rac8 19. Be1 Bf8 20. Rd3 Ne7 21.
g4 Nd5 22. Bd2 Ne3 23. Bxe3 dxe3 24. Qe2 Rxd3 25. cxd3 Qd4 26. Rf1 Rd8 27. Kg2
Qxd3 28. Qxd3 Rxd3 29. Kf3 Bc5 30. Rd1 Rxd1 31. Bxd1 Kf8 32. b4 Bxb4 33. Kxe3
h6 34. f5 exf5 35. gxf5 gxf5 36. Kf4 Ke7 37. Kxf5 b6 38. Be2 Bc3 39. Bb5 Bb2 40.
a4 Bc3 1/2-1/2

[Event "III Dolnoslaska Liga Szachowa 2017/2018"]
[Site "Dolny Slask"]
[Date "1899-12-30"]
[Round "9.8"]
[White "Zydorczak, Marek"]
[Black "Dudek, Wojciech"]
[Result "1/2-1/2"]
[WhiteTitle "II"]
[BlackTitle "I"]
[WhiteElo "1532"]
[BlackElo "1810"]

1. e4 c6 2. d4 d5 3. exd5 cxd5 4. Bd3 Nc6 5. c3 a6 6. Bf4 Nf6 7. h3 g6 8. Nf3 Bg7
9. O-O O-O 10. Qd2 Re8 11. Bh6 Bh8 12. a4 Na5 13. Qc2 Nh5 14. Nbd2 Qc7 15. b4
Nc6 16. Qb3 Qd6 17. b5 Nd8 18. c4 Be6 19. c5 Qd7 20. Rfd1 f6 1/2-1/2

[Event "III Dolnoslaska Liga Szachowa 2017/2018"]
[Site "Dolny Slask"]
[Date "1899-12-30"]
[Round "9.10"]
[White "Dzikowski, Michal"]
[Black "Komendecki, Jacek"]
[Result "1/2-1/2"]
[WhiteTitle "k"]
[BlackTitle "I++"]
[WhiteElo "2147"]
[BlackElo "2111"]

1. d4 Nf6 2. c4 e6 3. Nf3 b6 4. g3 Bb7 5. Bg2 Be7 6. O-O O-O 7. Nc3 Ne4 8. Qc2
Nxc3 9. Qxc3 c5 10. dxc5 bxc5 11. Rd1 Qb6 12. Bf4 Rd8 13. Rac1 Na6 14. a3 d6 15.
Qc2 Rab8 16. e4 Bc6 17. Rb1 Rd7 18. b3 Qb7 19. Ne1 Rbd8 20. Be3 Bf8 21. Bg5 Re8
22. Qe2 Qb8 1/2-1/2

[Event "III Dolnoslaska Liga Szachowa 2017/2018"]
[Site "Dolny Slask"]
[Date "1899-12-30"]
[Round "9.11"]
[White "Krawiec, Grzegorz"]
[Black "Zareba, Radoslaw"]
[Result "1-0"]
[WhiteTitle "I"]
[BlackTitle "I+"]
[WhiteElo "1714"]
[BlackElo "2116"]

1. e4 c5 2. Nf3 Nc6 3. d4 cxd4 4. Nxd4 g6 5. Be3 Bg7 6. c4 d6 7. Nc3 Nf6 8. Be2
O-O 9. O-O Bd7 10. Qd2 Re8 11. f3 a6 12. Rac1 Qb8 13. Nd5 b5 14. Nxc6 Bxc6 15.
Nb6 Ra7 16. cxb5 Bxb5 17. a4 Bxe2 18. Qxe2 a5 19. Rc6 Nd7 20. Rc8 Rxc8 21. Nxc8
Rb7 22. Nxe7+ Kf8 23. Nc6 Qc7 24. Qa6 Bxb2 25. Rb1 Nb8 26. Nxb8 Rxb8 27. Qe2 Ba3
28. Rxb8+ Qxb8 29. Kf2 Qb3 30. Qb5 Bb4 31. Bh6+ Ke7 32. Qb7+ Kf6 33. Qd7 Bc5+
34. Kg3 Qe6 35. Qd8+ Ke5 36. Qg5+ Kd4 37. Qd2+ Ke5 38. Bg7+ f6 39. Qf4+ Kd4 40.
Qd2+ Ke5 41. Qc3+ Bd4 42. f4+ Kxe4 43. Qf3+ Kf5 44. Qg4+ 1-0

[Event "III Dolnoslaska Liga Szachowa 2017/2018"]
[Site "Dolny Slask"]
[Date "1899-12-30"]
[Round "9.12"]
[White "Pietraszko, Jakub"]
[Black "Lewandowski, Wiktor"]
[Result "1/2-1/2"]
[WhiteTitle "I"]
[BlackTitle "II"]
[WhiteElo "1739"]
[BlackElo "1490"]

1. d4 d5 2. Nc3 Bf5 3. f3 Nf6 4. Bg5 c6 5. Bxf6 exf6 6. e4 Be6 7. exd5 Bxd5 8.
Nxd5 Qxd5 9. c3 Bd6 10. Qb3 Qxb3 11. axb3 O-O 12. b4 Nd7 13. Bd3 Nb6 14. Kf2 a6
15. Ne2 Nd5 16. g3 Rfe8 17. Be4 Nc7 18. Nc1 g6 19. g4 Ne6 20. h4 Kg7 21. Nb3 Re7
22. Na5 Rc8 23. Nxb7 Rxb7 24. Rxa6 Nxd4 25. Rd1 Bxb4 26. cxd4 Bd6 27. Rd2 Bf4
28. Rc2 Rcb8 1/2-1/2